Normal view
MARC view
- Philanthropists.
Entry Topical Term
001 - CONTROL NUMBER
- control field: 50030
003 - CONTROL NUMBER IDENTIFIER
- control field: OSt
005 - DATE AND TIME OF LATEST TRANSACTION
- control field: 20231118143101.0
008 - FIXED-LENGTH DATA ELEMENTS
- fixed length control field: 231118|| aca||aabn | a|a d
040 ## - CATALOGING SOURCE
- Original cataloging agency: OSt
- Transcribing agency: OSt
150 ## - HEADING--TOPICAL TERM
- Topical term or geographic name entry element: Philanthropists.
670 ## - SOURCE DATA FOUND
- Source citation: Work cat.: (OSt): Lee, Chung Eun. author. 50029, Person-centered transition planning for youth on the autism spectrum: , August 2022.
